|
|
|
|
| LEADER |
03069nam a22005777a 4500 |
| 001 |
45536 |
| 003 |
BD-DhAAL |
| 005 |
20260504162444.0 |
| 008 |
260429t2025 bg ||||| b||| 000 0 ben d |
| 020 |
|
|
|a 9789843966216
|
| 020 |
|
|
|a 9841807599101
|
| 040 |
|
|
|a BD-DhAAL
|d BD-DhAAL
|
| 041 |
0 |
|
|a ben
|
| 082 |
|
|
|a 301.095492
|
| 245 |
0 |
0 |
|a বাঙালির সমাজচিন্তা.
|n পঞ্চম খণ্ড /
|c সম্পাদক, শিপ্রা সরকার ; গ্রন্থমালা সম্পাদক, আবদুল্লাহ আবু সায়ীদ.
|
| 246 |
3 |
3 |
|a Bangalir chintamulok rochona shongroho :
|b shamaj [ponchom khondo]
|
| 246 |
3 |
3 |
|a A collection of Bengali thoughts :
|b society [volume : 5]
|
| 260 |
|
|
|a ঢাকা :
|b বিশ্বসাহিত্য কেন্দ্র,
|c ২০২৫.
|
| 300 |
|
|
|a ৪০৩ পৃষ্ঠা ;
|c ২২ সে.মি.
|
| 362 |
0 |
|
|a Vol. 5
|
| 490 |
1 |
|
|a বাঙালির চিন্তামূলক রচনা সংগ্রহ ;
|v ১৪৯
|
| 490 |
1 |
|
|a বিশ্বসাহিত্য কেন্দ্র প্রকাশনা ;
|v ৭৬০
|
| 500 |
|
|
|a প্রথম প্রকাশ.
|
| 504 |
|
|
|a গ্রন্থপঞ্জিগত নির্দেশিকা অন্তর্ভুক্ত।
|
| 526 |
8 |
|
|a AAL, RS
|
| 541 |
1 |
|
|a Bishwo Shahitto Kendro
|e 45536, 45655
|
| 650 |
|
0 |
|a Sociology
|z India
|x History.
|9 60512
|
| 650 |
|
0 |
|a Sociology
|z Bangladesh.
|
| 650 |
|
0 |
|a Sociology
|x History.
|9 2831
|
| 650 |
|
0 |
|a Hindu sociology.
|9 60513
|
| 650 |
|
0 |
|a Islamic sociology.
|
| 650 |
|
0 |
|a Social change
|z India.
|
| 650 |
|
0 |
|a Social change
|z Bangladesh.
|
| 650 |
|
0 |
|a Social structure
|z Bangladesh.
|9 53087
|
| 650 |
|
0 |
|a Social structure
|z India.
|9 60514
|
| 650 |
|
0 |
|a Social classes
|z India.
|
| 650 |
|
0 |
|a Social classes
|z Bangladesh.
|
| 651 |
|
0 |
|a Bengal (India)
|x Social conditions.
|
| 651 |
|
0 |
|a Bengal (India)
|x Social life and customs.
|
| 651 |
|
0 |
|a Bangladesh
|x Social conditions.
|
| 651 |
|
0 |
|a Bengal (India)
|x History.
|
| 655 |
|
7 |
|a History.
|
| 700 |
1 |
|
|a সরকার, শিপ্রা.
|9 60508
|
| 700 |
1 |
|
|a সায়ীদ, আবদুল্লাহ আবু.
|
| 830 |
|
0 |
|a বাঙালির চিন্তামূলক রচনা সংগ্রহ ;
|v ১৪৯
|9 60509
|
| 830 |
|
0 |
|a বিশ্বসাহিত্য কেন্দ্র প্রকাশনা ;
|v ৭৬০
|9 60510
|
| 852 |
1 |
|
|a Ayesha Abed Library
|c Reference
|
| 942 |
|
|
|2 ddc
|c BK
|
| 999 |
|
|
|c 47827
|d 47827
|
| 952 |
|
|
|0 0
|1 0
|2 ddc
|4 0
|6 301_095492000000000_BAN
|7 1
|9 79021
|a BRACUL
|b BRACUL
|c REF
|d 2026-04-19
|e Bishwo Shahitto Kendro
|g 390.00
|l 0
|o 301.095492 BAN
|p 3010045536
|r 2026-04-19
|t 1
|v 780.00
|w 2026-04-19
|y BK
|x Requisitioned by Ayesha Abed Library, BRAC University
|
| 952 |
|
|
|0 0
|1 0
|2 ddc
|4 0
|6 301_095492000000000_BAN
|7 1
|9 79022
|a SCL
|b SCL
|c REF
|d 2026-04-19
|e Bishwo Shahitto Kendro
|g 390.00
|l 0
|o 301.095492 BAN
|p 3020045655
|r 2026-04-19
|t 2
|v 780.00
|w 2026-04-19
|y BK
|x Requisitioned by Ayesha Abed Library, BRAC University
|